|
|
|
|
| LEADER |
00629nab a2200193 i 4500 |
| 001 |
publ3301 |
| 005 |
20180731150054.0 |
| 008 |
130910s2013 hu o 0|| zxx d |
| 022 |
|
|
|a 0021-9045
|
| 024 |
7 |
|
|a 10.1016/j.jat.2013.07.005
|2 doi
|
| 024 |
7 |
|
|a 2351684
|2 mtmt
|
| 040 |
|
|
|a SZTE Publicatio Repozitórium
|b hun
|
| 041 |
|
|
|a zxx
|
| 100 |
1 |
|
|a Totik Vilmos
|
| 245 |
1 |
0 |
|a Approximation by homogeneous polynomials
|h [elektronikus dokumentum] /
|c Totik Vilmos
|
| 260 |
|
|
|c 2013
|
| 300 |
|
|
|a 192-205
|
| 490 |
0 |
|
|a Journal of Approximation Theory
|v 174 No. 1
|
| 856 |
4 |
0 |
|u http://publicatio.bibl.u-szeged.hu/3301/1/homogen.pdf
|z Dokumentum-elérés
|